| 000 | 00514nam a2200169Ia 4500 | ||
|---|---|---|---|
| 003 | SGT | ||
| 020 | _a9788131804933 | ||
| 082 |
_a510 _bBAL |
||
| 100 | _aBali,N.P | ||
| 245 | 2 | _aA textbook of engineering mathematics Semester-3 | |
| 250 | _a8th . . . Ed. | ||
| 260 |
_bLaxmi Publications (P) Ltd _aNew Delhi _c2012 |
||
| 300 | _a452p. | ||
| 650 | _aENGINEERING MATHEMATICS | ||
| 653 | _aFOURIER SERIES,FUNCTIONS OF A COMPLEX VARIABLE,POWER SERIES AND CONTOUR INTEGRATION ,LINEAR PROGRAMMING | ||
| 942 |
_2ddc _cBK _051 |
||
| 999 |
_c5740 _d5740 |
||